South Eastern Kenya University

Library Online Public Access Catalogue


Essentials of Prealgebra / (Record no. 11342)

MARC details
000 -LEADER
fixed length control field 01316cam a2200349 a 4500
001 - CONTROL NUMBER
control field 15747938
003 - CONTROL NUMBER IDENTIFIER
control field OSt
005 - DATE AND TIME OF LATEST TRANSACTION
control field 20160223115125.0
008 - FIXED-LENGTH DATA ELEMENTS--GENERAL INFORMATION
fixed length control field 090522s2010 caua 001 0 eng
010 ## - LIBRARY OF CONGRESS CONTROL NUMBER
LC control number 2009929178
020 ## - INTERNATIONAL STANDARD BOOK NUMBER
International Standard Book Number 0618688269
020 ## - INTERNATIONAL STANDARD BOOK NUMBER
International Standard Book Number 1439047987
020 ## - INTERNATIONAL STANDARD BOOK NUMBER
International Standard Book Number 9780495390800 (WebAssign studen access code)
020 ## - INTERNATIONAL STANDARD BOOK NUMBER
International Standard Book Number 0495390801 (WebAssign studen access code)
040 ## - CATALOGING SOURCE
Original cataloging agency SEKU
042 ## - AUTHENTICATION CODE
Authentication code pcc
050 00 - LIBRARY OF CONGRESS CALL NUMBER
Classification number QA 39.3
Item number .A8 2006
100 1# - MAIN ENTRY--PERSONAL NAME
Personal name Aufmann, Richard N.
245 10 - TITLE STATEMENT
Title Essentials of Prealgebra /
Statement of responsibility, etc. Richard N. Aufmann, Vernon C. Barker, Joanne S. Lockwood.
250 ## - EDITION STATEMENT
Edition statement 5th ed., enhanced ed.
260 ## - PUBLICATION, DISTRIBUTION, ETC. (IMPRINT)
Place of publication, distribution, etc. Belmont, CA :
Name of publisher, distributor, etc. Brooks/Cole, Cengage Learning,
Date of publication, distribution, etc. c2010.
300 ## - PHYSICAL DESCRIPTION
Extent 1 v. (various pagings) :
Other physical details ill. (some col.) ;
Dimensions 28 cm.
500 ## - GENERAL NOTE
General note "New! Enhanced WebAssign edition"--Cover.
500 ## - GENERAL NOTE
General note Includes index.
650 #0 - SUBJECT ADDED ENTRY--TOPICAL TERM
Topical term or geographic name as entry element Mathematics
Form subdivision Textbooks.
700 1# - ADDED ENTRY--PERSONAL NAME
Personal name Barker, Vernon C.
700 1# - ADDED ENTRY--PERSONAL NAME
Personal name Lockwood, Joanne S.
856 42 - ELECTRONIC LOCATION AND ACCESS
Materials specified Publisher description
Uniform Resource Identifier <a href="http://www.loc.gov/catdir/enhancements/fy1215/2009929178-d.html">http://www.loc.gov/catdir/enhancements/fy1215/2009929178-d.html</a>
856 41 - ELECTRONIC LOCATION AND ACCESS
Materials specified Table of contents only
Uniform Resource Identifier <a href="http://www.loc.gov/catdir/enhancements/fy1215/2009929178-t.html">http://www.loc.gov/catdir/enhancements/fy1215/2009929178-t.html</a>
856 42 - ELECTRONIC LOCATION AND ACCESS
Materials specified Contributor biographical information
Uniform Resource Identifier <a href="http://www.loc.gov/catdir/enhancements/fy1303/2009929178-b.html">http://www.loc.gov/catdir/enhancements/fy1303/2009929178-b.html</a>
942 ## - ADDED ENTRY ELEMENTS (KOHA)
Source of classification or shelving scheme Library of Congress Classification
Koha item type General circulation
Holdings
Withdrawn status Lost status Source of classification or shelving scheme Damaged status Not for loan Home library Current library Shelving location Date acquired Source of acquisition Full call number Barcode Date last seen Price effective from Koha item type Public note
    Library of Congress Classification     SEHSS - Library SEHSS - Library General Stacks 23/02/2016 Donation-books for Africa [EHS] QA 39.3 .A8 2006 2016/013575 23/02/2016 23/02/2016 General circulation A.K.
Kitui, Kenya.
+254736116989
library@seku.ac.ke